Vainqueurs de la Coupe du Monde de Tennis de table - Statistiques

Statistiques générales
  • Ce quiz a été pris 230 fois
  • Le résultat moyen est 16 sur 44
Statistiques - réponses
Année Vainqueur % Correct
2012 Ma Long
97%
2015 Ma Long
97%
2016 Fan Zhendong
80%
2018 Fan Zhendong
80%
2019 Fan Zhendong
80%
2020 Fan Zhendong
80%
2021 Fan Zhendong
80%
2022 Wang Chuqin
72%
2023 Wang Chuqin
72%
2002 Timo Boll
66%
2005 Timo Boll
66%
2000 Ma Lin
61%
2003 Ma Lin
61%
2004 Ma Lin
61%
2006 Ma Lin
61%
1994 Jean-Philippe Gatien
58%
2013 Xu Xin
56%
1990 Jan-Ove Waldner
44%
2017 Dimitrij Ovtcharov
39%
2011 Zhang Jike
36%
2014 Zhang Jike
36%
2007 Wang Hao
30%
2008 Wang Hao
30%
2010 Wang Hao
30%
1999 Vladimir Samsonov
29%
2001 Vladimir Samsonov
29%
2009 Vladimir Samsonov
29%
1991 Jörgen Persson
19%
1995 Kong Linghui
9%
1996 Lio Guoliang
7%
1988 Andrzej Grubba
6%
1983 Mikael Appelgren
6%
1993 Zoran Primorac
6%
1997 Zoran Primorac
6%
1998 Jörg Rosskopf
5%
1980 Guo Yuehua
2%
1982 Guo Yuehua
2%
1989 Ma Wenge
2%
1992 Ma Wenge
2%
1987 Teng Yi
2%
1986 Chen Longcan
1%
1985 Chen Xinhua
1%
1984 Jiang Jialang
1%
1981 Tibor Klampár
1%
Aucun quiz correspondant
Distribution des résultats
% des personnes avec chaque résultat
Percentile par nombre de réponses
Votre historique - résultats
Vous n’avez pas pris ce quiz